| 000 | 00718nam a2200217 i 4500 | ||
|---|---|---|---|
| 001 | 65107 | ||
| 003 | ES-MaACL | ||
| 005 | 20250727033920.0 | ||
| 007 | t| | ||
| 008 | 040108s1952 sp ||||1| spa d | ||
| 100 | 1 |
_aFraigneux, Maurice. _952097 |
|
| 245 | 1 | 0 |
_aComunismo, mística humana / _cMaurice Fraigneux ; prólogo del Conde Carton de Wiart. |
| 260 |
_aMadrid : _bAtenas, _c[1952] ( _fHalar) |
||
| 300 |
_a397 p. ; _c22 cm. |
||
| 490 | 1 |
_aRazonemos nuestra fé. Serie II ; _v1 |
|
| 650 | 7 |
_aComunismo _2embne _911211 |
|
| 700 | 1 |
_aCarton de Wiart, Henry ( _d1869-1951) _935905 |
|
| 830 | 0 |
_aRazonemos nuestra fé. Serie II ; _v1 _9184062 |
|
| 852 |
_aES-MaACL _jD-9118 _bR.34040 |
||
| 999 |
_c65107 _d65107 |
||